[Event "DSSM wk m:  wk m: 7.7 CWG Aue-Goethe-Gymn. Ka"]
[Site "Karlsruhe"]
[Date "2011.05.15"]
[Round "7.3"]
[White "Henke, Hanna"]
[Black "Münzner, Jasmin"]
[Result "1-0"]
[WhiteElo "800"]
[BlackElo "1100"]
[PlyCount "141"]
[EventDate "2011.05.12"]

1. e4 c5 2. Nf3 e6 3. c3 a6 4. d4 cxd4 5. cxd4 b5 6. Nc3 Bb7 7. Bg5 Be7 8. Bd3
Bxg5 9. Nxg5 Qxg5 10. Qc1 Qd8 11. O-O d5 12. exd5 exd5 13. Re1+ Ne7 14. Qg5 g6
15. Qf6 Rg8 16. Re2 Nbc6 17. Rae1 Kd7 18. Qxf7 Qf8 19. Qe6+ Kd8 20. Qd6+ Ke8
21. Qc7 Kf7 22. Qxb7 Ra7 23. Rxe7+ Nxe7 24. Qxa7 Qe8 25. Nxd5 Kf8 26. Rxe7 Qd8
27. Rf7+ Ke8 28. Qe7+ Qxe7 29. Rxe7+ Kf8 30. h3 Rg7 31. Rxg7 Kxg7 32. Nc7 b4
33. a3 bxa3 34. bxa3 a5 35. a4 Kf6 36. d5 Ke5 37. Bc2 Kd6 38. Nb5+ Kxd5 39.
Bb3+ Kc5 40. Bd1 Kc4 41. g4 Kd3 42. Kg2 Ke4 43. Kg3 Ke5 44. f4+ Kf6 45. Kh4 h6
46. g5+ hxg5+ 47. fxg5+ Kg7 48. Kg4 Kf7 49. h4 Kf8 50. h5 gxh5+ 51. Kxh5 Kg7
52. Bc2 Kh8 53. g6 Kg7 54. Nd4 Kf8 55. Kh6 Kg8 56. Nc6 Kf8 57. Bb3 Ke8 58. Nxa5
Ke7 59. g7 Ke8 60. g8=Q+ Kd7 61. Qg6 Ke7 62. Bd1 Kd7 63. Qf6 Kc7 64. Nb3 Kd7
65. a5 Kc7 66. Qe6 Kb7 67. Qd6 Ka7 68. Qc6 Kb8 69. Qd7 Ka8 70. Nc5 Kb8 71. Qb7#
1-0

[Event "DSSM wk m:  wk m: 7.7 CWG Aue-Goethe-Gymn. Ka"]
[Site "Karlsruhe"]
[Date "2011.05.15"]
[Round "7.4"]
[White "Boden, Talitha"]
[Black "Kipp, Emma"]
[Result "1-0"]
[WhiteElo "922"]
[BlackElo "800"]
[PlyCount "131"]
[EventDate "2011.05.12"]

1. e4 e5 2. Nf3 Nc6 3. g3 Nf6 4. Nc3 Bb4 5. d3 Bxc3+ 6. bxc3 d6 7. Bg2 O-O 8.
O-O Bg4 9. Rb1 Rb8 10. Be3 Bxf3 11. Bxf3 h6 12. d4 d5 13. exd5 Nxd5 14. Bxd5
Qxd5 15. a3 e4 16. Rb3 Na5 17. Rb4 Nc6 18. Rb3 Na5 19. Rb4 Nc4 20. a4 Nxe3 21.
fxe3 Qc6 22. c4 a5 23. Rb5 Ra8 24. Rf4 g5 25. Rff5 Qd7 26. Rxa5 Ra6 27. Rxa6
bxa6 28. Ra5 Qc6 29. Qf1 Qb6 30. Qf5 Qc6 31. Qd5 Qxd5 32. Rxd5 c6 33. Rd6 Rc8
34. Rxh6 Kg7 35. Rd6 c5 36. dxc5 Rxc5 37. Rd4 Re5 38. Kg2 Kf6 39. h4 Kf5 40.
hxg5 Kxg5 41. Rd5 Rxd5 42. cxd5 Kf6 43. Kh3 Ke5 44. c4 a5 45. Kg4 f5+ 46. Kg5
f4 47. gxf4+ Kd6 48. Kf5 Kc5 49. Kxe4 Kxc4 50. f5 Kb4 51. f6 Kxa4 52. f7 Kb4
53. f8=Q+ Kb5 54. Qa8 a4 55. d6 Kb4 56. d7 a3 57. Qxa3+ Kxa3 58. d8=Q Kb3 59.
Qc8 Kb4 60. Kd5 Kb3 61. Kd4 Kb4 62. Qb8+ Ka3 63. Kc4 Ka2 64. Kc3 Ka1 65. Kc2
Ka2 66. Qa8# 1-0

[Event "DSSM wk m:  wk m: 7.8 Gymn.CarolinumOs-Mariengymn Pbg"]
[Site "Karlsruhe"]
[Date "2011.05.15"]
[Round "7.1"]
[White "Nee, Maria Elisabeth"]
[Black "Wang, Yanru"]
[Result "1/2-1/2"]
[WhiteElo "800"]
[BlackElo "1180"]
[PlyCount "46"]
[EventDate "2011.05.12"]

1. e4 e5 2. Nf3 Nc6 3. Bc4 Nf6 4. Nc3 Bc5 5. d3 h6 6. Be3 Bb6 7. O-O O-O 8. Nd5
d6 9. c3 Bg4 10. h3 Bh5 11. g4 Bg6 12. g5 Bxe3 13. gxf6 Bg5 14. fxg7 Kxg7 15.
Nxg5 hxg5 16. Qf3 Na5 17. b3 Nxc4 18. bxc4 c6 19. Ne3 Rh8 20. Ng4 Qe7 21. Rfb1
Rh7 22. Kg2 Rah8 23. Rh1 Qe6 1/2-1/2

[Event "DSSM wk m:  wk m: 7.8 Gymn.CarolinumOs-Mariengymn Pbg"]
[Site "Karlsruhe"]
[Date "2011.05.15"]
[Round "7.2"]
[White "Tworek, Kristina"]
[Black "Hoffner, Rieke"]
[Result "1-0"]
[WhiteElo "800"]
[BlackElo "800"]
[PlyCount "101"]
[EventDate "2011.05.12"]

1. e4 e5 2. Bc4 Nf6 3. d3 h6 4. Nc3 Bc5 5. Nd5 Nxd5 6. Bxd5 c6 7. Bc4 d5 8.
exd5 cxd5 9. Bb3 O-O 10. Ne2 Bg4 11. f3 Bf5 12. Ng3 Qd7 13. Nxf5 Qxf5 14. Bxd5
Qd7 15. Be4 Nc6 16. c3 f5 17. Bxc6 bxc6 18. Qe2 Rfe8 19. Be3 Bxe3 20. Qxe3 f4
21. Qe4 Qd5 22. Qxd5+ cxd5 23. O-O-O e4 24. c4 Rad8 25. cxd5 exf3 26. gxf3 Rxd5
27. Rd2 Re3 28. b4 Rexd3 29. Rxd3 Rxd3 30. Rf1 Rc3+ 31. Kb2 Rc6 32. a4 a6 33.
Rc1 Rb6 34. Kb3 a5 35. Rc4 axb4 36. Rxf4 g5 37. Rxb4 Rxb4+ 38. Kxb4 h5 39. a5
g4 40. fxg4 hxg4 41. a6 Kg7 42. a7 Kg6 43. a8=Q Kh5 44. Qg2 Kg5 45. h3 Kh6 46.
Qxg4 Kh7 47. Kc5 Kh6 48. Kd6 Kh7 49. Ke6 Kh6 50. Kf7 Kh7 51. Qg7# 1-0

[Event "DSSM wk m:  wk m: 7.8 Gymn.CarolinumOs-Mariengymn Pbg"]
[Site "Karlsruhe"]
[Date "2011.05.15"]
[Round "7.3"]
[White "Kroupa, Andriana"]
[Black "Samohvalov, Annika"]
[Result "1/2-1/2"]
[WhiteElo "800"]
[BlackElo "800"]
[PlyCount "30"]
[EventDate "2011.05.12"]

1. d4 d5 2. Nf3 Nf6 3. Bg5 h6 4. Bxf6 gxf6 5. Nc3 e6 6. a3 Nc6 7. e4 f5 8. e5
Bg7 9. Bb5 Bd7 10. Qd2 f6 11. O-O fxe5 12. dxe5 Nxe5 13. Nxe5 Bxe5 14. Bxd7+
Qxd7 15. g3 O-O-O 1/2-1/2

[Event "DSSM wk m:  wk m: 7.8 Gymn.CarolinumOs-Mariengymn Pbg"]
[Site "Karlsruhe"]
[Date "2011.05.15"]
[Round "7.4"]
[White "Hellmann, Stella"]
[Black "Schulte, Katharina"]
[Result "1/2-1/2"]
[WhiteElo "800"]
[BlackElo "800"]
[PlyCount "38"]
[EventDate "2011.05.12"]

1. g3 e5 2. Nf3 Nc6 3. b3 Bc5 4. Ba3 Bxa3 5. Nxa3 Nf6 6. Bh3 d6 7. Ng5 O-O 8.
Bxc8 Qxc8 9. O-O h6 10. Nf3 Qd7 11. e3 e4 12. Nd4 Nxd4 13. exd4 Rfe8 14. d3
exd3 15. Qxd3 Nd5 16. c4 Nb4 17. Qd2 Nc6 18. d5 Ne5 19. f3 c6 1/2-1/2

[Event "DSSM wk m:  wk m: 7.9 Gymn. Neuenbürg-Benjamin S Remplin"]
[Site "Karlsruhe"]
[Date "2011.05.15"]
[Round "7.1"]
[White "Holzapfel, Nanne"]
[Black "Schmitt, Nora"]
[Result "0-1"]
[WhiteElo "800"]
[BlackElo "1016"]
[PlyCount "46"]
[EventDate "2011.05.12"]

1. e4 d5 2. exd5 Qxd5 3. Nc3 Qa5 4. Bb5+ c6 5. Ba4 Be6 6. Nf3 b5 7. Bb3 Bxb3 8.
cxb3 Nf6 9. O-O b4 10. Nb1 e5 11. Re1 Bd6 12. d4 Nbd7 13. Bg5 O-O-O 14. Nbd2
exd4 15. Nc4 Qd5 16. Rc1 h6 17. Bxf6 Nxf6 18. Nxd6+ Qxd6 19. Re2 d3 20. Rd2 Ne4
21. Rxd3 Qxd3 22. Ne5 Qxd1+ 23. Rxd1 Rxd1# 0-1

[Event "DSSM wk m:  wk m: 7.9 Gymn. Neuenbürg-Benjamin S Remplin"]
[Site "Karlsruhe"]
[Date "2011.05.15"]
[Round "7.2"]
[White "Müller, Svenja"]
[Black "Holzapfel, Nele"]
[Result "1-0"]
[WhiteElo "800"]
[BlackElo "800"]
[PlyCount "81"]
[EventDate "2011.05.12"]

1. e4 e5 2. Nf3 Nc6 3. b3 Bc5 4. Bb2 f6 5. Ba3 b6 6. Nh4 Bxa3 7. Nxa3 Qe7 8.
Nb5 Qd8 9. Nf5 Kf8 10. d4 exd4 11. Nfxd4 Nxd4 12. Qxd4 c5 13. Qd5 Rb8 14. Qd6+
Ne7 15. Qxb8 Nc6 16. Qc7 Qxc7 17. Nxc7 Nb4 18. Rc1 Nxa2 19. Rd1 Nc3 20. Rd3
Nxe4 21. Re3 f5 22. f3 Ng5 23. Re8+ Kf7 24. Rxh8 Bb7 25. Bd3 Kg6 26. g4 h5 27.
gxf5+ Kf6 28. Rg1 a6 29. Rg2 Nxf3+ 30. Kd1 Nh4 31. Re2 Nxf5 32. Bxa6 Bf3 33.
Rf8+ Kg6 34. Bd3 Bxe2+ 35. Kxe2 Kg5 36. Bxf5 g6 37. Bxd7 h4 38. Ne6+ Kg4 39.
Nf4+ Kg5 40. Nh3+ Kh5 41. Rh8# 1-0

[Event "DSSM wk m:  wk m: 7.9 Gymn. Neuenbürg-Benjamin S Remplin"]
[Site "Karlsruhe"]
[Date "2011.05.15"]
[Round "7.3"]
[White "Jörs, Pia-Milena"]
[Black "Schillinger, Carmen"]
[Result "0-1"]
[WhiteElo "800"]
[BlackElo "800"]
[PlyCount "62"]
[EventDate "2011.05.12"]

1. e4 e5 2. Nf3 Nc6 3. Bb5 Nf6 4. O-O Bb4 5. a3 Ba5 6. b4 Bb6 7. Nc3 d6 8. Na4
Bd4 9. c3 a6 10. Bc4 Ba7 11. Ng5 Bg4 12. Nxf7 Bxd1 13. Nxd8 Bxa4 14. Nf7 O-O
15. Nxe5+ Kh8 16. Nd3 Nxe4 17. Nf4 Rxf4 18. d3 Bxf2+ 19. Kh1 Ng3+ 20. hxg3 Rf6
21. Bg5 Rf5 22. Bh4 Ne7 23. Bxe7 Rh5+ 24. Bh4 Bxg3 25. Kg1 Rxh4 26. Rf3 Bh2+
27. Kf2 h6 28. Rh3 Rf4+ 29. Ke3 Re8+ 30. Kd2 Rf2+ 31. Kc1 Re1# 0-1